LEADER 01362nam a2200289 u 4500 001 000000070499 003 CaOOAMICUS 005 20070226122028.0 008 020509s1906 fr ae u000 u fre u 035 $a10929175 040 $aPUL(R)$bita 100 1 $aMerlin, A.$q(Alfred),$d1876-1965.$0(OLS)http://pul/name/46922 245 12$aL'Aventin dans l'Antiquité /$cpar Alfred Merlin .. 260 $aParis :$bFontemoing,$c1906. 300 $a476 p., [1] p. di tav. ripieg. :$bill., piante ;$c23 cm 490 1 $aBibliothèque des écoles françaises d'Athènes et de Rome ;$v97 500 $a"Appendices: I. Aperçu sommaire des principales découvertes faites sur l'Aventin du XVI siècle à nos jours (p. [447]-455) II. Iconographie (p. [456]) III". 500 $aContiene indice. 504 $aBibliografia: p. [457]-465. 651 4$aRoma$xAntichità.$0(OLS)http://pul/subject/2716 651 4$aAventino (Roma).$0(OLS)http://pul/subject/25239 830 0$aBibliothèque des écoles françaises d'Athènes et de Rome ;$v97.$0(OLS)http://pul/title/260 850 $aPUL 852 $aPUL$W1$xDP1 Cons. Gen., Altre Classi 1$y22$m1039 H 1.97$j182923$qStampati$B186129$CPULBib$Z2$F186129 $82 941 1 $a8 996 $6245$aL'Aventin dans l'Antiquité$9(OLS)http://pul/title/92937 996 $6260$aParis :$bFontemoing$9(OLS)http://pul/publisher/47969 LEADER 00969naa a2200217 u 4500 001 000000103570 003 CaOOAMICUS 005 20070226130216.0 008 061120s1959 onc u000 u ger u 035 $a11107337 040 $aIAR$bita 100 1 $aKoch, Josef,$d1885-1967.$0(OLS)http://pul/name/13470 245 10$aZur Analogielehre Meister Eckharts /$cJoseph Koch. 260 $aToronto :$bPontifical institute of medieval studies ;$aParis :$bLibrairie philosophique J. Vrin,$c1959. 300 $ap. 327-350 ;$c25 cm 500 $aIAR: CCI.470 773 0 $aMélanges offerts à Étienne Gilson. 773 0 $tMélanges offerts à Etienne Gilson de l'Académie Française$gHors Série$w()15457 996 $6245$aZur Analogielehre Meister Eckharts$9(OLS)http://pul/title/130475 996 $6260$aToronto :$bPontifical institute of medieval studies$9(OLS)http://pul/publisher/54715 996 $6260$aParis :$bLibrairie philosophique J. Vrin$9(OLS)http://pul/publisher/47887